Missing Word: Film Directors (A-Z) Quiz Stats

Quiz Updated Oct 13, 2016

Challenge
Share
Tweet
Embed
Score 0/24 Timer 03:00
0 Plays Today
Director/Movie Missing % Correct
Woody _____
e.g. Hannah and Her Sisters (1986)
Allen
98%
Clint _____
e.g. Letters from Iwo Jima (2006)
Eastwood
96.5%
_____ Brooks
e.g. Blazing Saddles (1974)
Mel
90.6%
_____ Tarantino
e.g. Reservoir Dogs (1992)
Quentin
89.6%
Alfred _____
e.g. North by Northwest (1959)
Hitchcock
89.4%
_____ Welles
e.g. Citizen Kane (1941)
Orson
89%
Stanley _____
e.g. 2001: A Space Odyssey (1968)
Kubrick
81.3%
Roman _____
e.g. Rosemary's Baby (1968)
Polanski
79.9%
_____ Capra
e.g. It Happened One Night (1934)
Frank
76%
_____ Scott
e.g. Alien (1979)
Ridley
74.6%
Martin _____
e.g. Taxi Driver (1976)
Scorsese
69.3%
Christopher _____
e.g. Memento (2000)
Nolan
65.3%
Director/Movie Missing % Correct
Sofia _____
e.g. Lost in Translation (2003)
Coppola
64.6%
_____ Bergman
e.g. Fanny and Alexander (1982)
Ingmar
54.3%
Peter _____
e.g. Heavenly Creatures (1994)
Jackson
52.8%
Billy _____
e.g. Sunset Blvd. (1950)
Wilder
48.4%
Sergio _____
e.g. A Fistful of Dollars (1964)
Leone
47%
Robert _____
e.g. Back to the Future (1985)
Zemeckis
45.3%
_____ Lean
e.g. Lawrence of Arabia (1962)
David
44.4%
Paul _____ Anderson
e.g. The Master (2012)
Thomas
44.4%
Jean-Luc _____
e.g. Breathless (1960)
Godard
30.1%
_____ Minnelli
e.g. Gigi (1958)
Vincente
23.6%
Luis _____
e.g. L'Age d'Or (1930)
Buñuel
15.8%
_____ Ozu
e.g. Tokyo Story (1953)
Yasujirô
5.1%

Today's Daily Dose

Missing Word
For Dummies Books

Word Ladder
Ariana Grande

Quick Pick
1970s Authors

On This Day
June 21st II

You're not logged in!

Compare scores with friends on all Sporcle quizzes.
Join for Free
OR
Log In

You Might Also Like...

Show Comments

Extras

Top Quizzes Today


Score Distribution

Your Account Isn't Verified!

In order to create a playlist on Sporcle, you need to verify the email address you used during registration. Go to your Sporcle Settings to finish the process.

Report this User

Report this user for behavior that violates our Community Guidelines.

Details: